Introductory sociology. (Record no. 257)

MARC details
000 -LEADER
fixed length control field 00540cam a2200205ua 4500
008 - FIXED-LENGTH DATA ELEMENTS--GENERAL INFORMATION
fixed length control field 110328n ii |||gr||||Z||||||eng
040 ## - CATALOGING SOURCE
Transcribing agency MAIN
082 ## - DEWEY DECIMAL CLASSIFICATION NUMBER
Classification number 301
100 ## - MAIN ENTRY--PERSONAL NAME
Personal name Sutherland, Robert L.,
245 11 - TITLE STATEMENT
Title Introductory sociology.
Statement of responsibility, etc. By Robert L. Sutherland.
250 ## - EDITION STATEMENT
Edition statement 6th.
260 ## - PUBLICATION, DISTRIBUTION, ETC.
Place of publication, distribution, etc. New Delhi.:
Name of publisher, distributor, etc. Oxford & ibp publishing.,956.
300 ## - PHYSICAL DESCRIPTION
Extent xi, 403 p.:
Dimensions 28 cm.
700 1# - ADDED ENTRY--PERSONAL NAME
Personal name Woodward, Julian L.,
700 1# - ADDED ENTRY--PERSONAL NAME
Personal name Maxwell, Milton, A.,
942 ## - ADDED ENTRY ELEMENTS (KOHA)
Koha item type Books
653 ## - INDEX TERM--UNCONTROLLED
Uncontrolled term Sociology.
653 ## - INDEX TERM--UNCONTROLLED
Uncontrolled term Introductory sociology.
Holdings
Withdrawn status Lost status Damaged status Not for loan Home library Current library Shelving location Date acquired Total Checkouts Full call number Barcode Date last seen Copy number Price effective from Koha item type
        Central Library, Naharkatiya College Central Library, Naharkatiya College General Stacks 19/09/2020   301 | SUT 15032 19/09/2020 1 19/09/2020 Books

Naharkatiya College © 2020. All rights reserved.

Powered By